000 00617nam a22002177a 4500
003 BUBTL
008 210920b ||||| |||| 00| 0 eng d
020 _a97898433555418
041 _aEnglish
082 _a349 / H139s/ 2019
100 _93017
_aHalim, Md. Abdul
245 _aStatutory Interpretation and The General clauses Act /
_cMd.Abdul Halim
250 _a3rd edn.
260 _aDhaka :
_bCCB Foundation : Lighting The Dark,
_cc2019.
300 _a320 p. :
_c22 cm.
526 _aLaw
650 0 _926
_aLaw
856 _k0
_l0
_yDownload
942 _2ddc
_cBK
999 _c6526
_d6526